Highly charged (Record no. 81656)

MARC details
000 -LEADER
fixed length control field 01161cab a22002175a 4500
001 - CONTROL NUMBER
control field L147864
008 - FIXED-LENGTH DATA ELEMENTS--GENERAL INFORMATION
fixed length control field 090624e20090619xxk f v 000 0 eng d
035 ## - SYSTEM CONTROL NUMBER
System control number (Sirsi) u147864
041 0# - LANGUAGE CODE
Language code of text/sound track or separate title eng
100 1# - MAIN ENTRY--PERSONAL NAME
Personal name Ross, Jonathan
245 00 - TITLE STATEMENT
Title Highly charged
Remainder of title case news
260 ## - PUBLICATION, DISTRIBUTION, ETC.
Date of publication, distribution, etc. 2009
490 #0 - SERIES STATEMENT
Series statement Property Week
Volume/sequential designation 75(25) 19 June 2009, 56(1)
520 ## - SUMMARY, ETC.
Summary, etc. Clarifies the steps that managing residential agents need to take to recover service charges and expenditure on key works or under long-term agreements. Peabody Trust (PT) disputed Paddington Walk Management's (PWM) claim of £160 000 for services charges because of the lateness of claims and lack of consultation. "Held": judgment in favour of PT on the points of lateness and lack of consultation. Managing companies must comply strictly with the Landlord and Tenant Act 1985.
590 ## - LOCAL NOTE (RLIN)
Local note KA
650 24 - SUBJECT ADDED ENTRY--TOPICAL TERM
Topical term or geographic name entry element PADDINGTON WALK MANAGEMENT V GOVERNORS OF PEABODY TRUST
650 24 - SUBJECT ADDED ENTRY--TOPICAL TERM
Topical term or geographic name entry element LANDLORD AND TENANT ACT 1985
651 #4 - SUBJECT ADDED ENTRY--GEOGRAPHIC NAME
Geographic name England and Wales
Chronological subdivision 1543-
690 ## - LOCAL SUBJECT ADDED ENTRY--TOPICAL TERM (OCLC, RLIN)
Topical term or geographic name as entry element PROPERTY-RESIDENTIAL PROPERTY-LEASEHOLD RESIDENTIAL PROPERTY-RESIDENTIAL LANDLORD AND TENANT-RESIDENTIAL SERVICE CHARGES
942 ## - ADDED ENTRY ELEMENTS (KOHA)
Suppress in OPAC 0
Holdings
Withdrawn status Lost status Source of classification or shelving scheme Damaged status Not for loan Home library Current library Shelving location Date acquired Total Checkouts Full call number Barcode Date last seen Copy number Price effective from Koha item type
    Dewey Decimal Classification     London London Journal article 24/06/2009   L147864 147864-1001 06/08/2019 1 06/08/2019 Journal article